Eiger dreams / (Record no. 3858)
[ view plain ]
| 000 -LEADER | |
|---|---|
| fixed length control field | 01857nam a22002417a 4500 |
| 001 - CONTROL NUMBER | |
| control field | 3858 |
| 003 - CONTROL NUMBER IDENTIFIER | |
| control field | FISKH |
| 005 - DATE AND TIME OF LATEST TRANSACTION | |
| control field | 20240517154237.0 |
| 008 - FIXED-LENGTH DATA ELEMENTS--GENERAL INFORMATION | |
| fixed length control field | 240517b cb ||||| |||| 00| 0 eng d |
| 040 ## - CATALOGING SOURCE | |
| Original cataloging agency | FISK |
| Language of cataloging | eng |
| Transcribing agency | FISK |
| Modifying agency | FISK |
| 050 ## - LIBRARY OF CONGRESS CALL NUMBER | |
| Classification number | GV200.K73 |
| 082 ## - DEWEY DECIMAL CLASSIFICATION NUMBER | |
| Classification number | 796.522 |
| 100 ## - MAIN ENTRY--PERSONAL NAME | |
| Personal name | Krakauer Jon |
| Dates associated with a name | 1954- |
| 245 ## - TITLE STATEMENT | |
| Title | Eiger dreams / |
| Statement of responsibility, etc. | Jon Krakauer |
| 260 ## - PUBLICATION, DISTRIBUTION, ETC. | |
| Place of publication, distribution, etc. | New York : |
| Name of publisher, distributor, etc. | Anchor Books, |
| Date of publication, distribution, etc. | 1997 |
| 300 ## - PHYSICAL DESCRIPTION | |
| Extent | 186 pages : |
| Dimensions | 21 cm |
| 505 ## - FORMATTED CONTENTS NOTE | |
| Formatted contents note | M |
| 520 ## - SUMMARY, ETC. | |
| Summary, etc. | No one writes about mountaineering and its attendant hardships and victories more brilliantly than critically acclaimed author Jon Krakauer. In this collection of his finest work from such magazines as Outside and Smithsonian, he explores the subject from the unique and memorable perspective of one who has battled peaks like K2, Denali, Everest, and, of course, the Eiger. Always with a keen eye, an open heart, and a hunger for the ultimate experience, he gives us unerring portraits of the mountaineering experience. Yet Eiger Dreams is more about people than about rock and ice--people with that odd, sometimes maniacal obsession with mountain summits that sets them apart from other men and women. Here we meet Adrian the Romanian, determined to be the first of his countrymen to solo Denali; John Gill, climber not of great mountains but of house-sized boulders so difficult to surmount that even demanding alpine climbs seem easy; and many more compelling and colorful characters. In the most intimate piece, "The Devils Thumb," Krakauer recounts his own near-fatal, ultimately triumphant struggle with solo-madness as he scales Alaska's Devils Thumb. Eiger Dreams is stirring, vivid writing about one of the most compelling and dangerous of all human pursuits. |
| 521 8# - TARGET AUDIENCE NOTE | |
| Target audience note | estimates, |
| Source | Lexile |
| 700 ## - ADDED ENTRY--PERSONAL NAME | |
| Personal name | Jon Krakauer |
| 942 ## - ADDED ENTRY ELEMENTS (KOHA) | |
| Source of classification or shelving scheme | Dewey Decimal Classification |
| Koha item type | Books |
| Suppress in OPAC | No |
| Withdrawn status | Lost status | Source of classification or shelving scheme | Damaged status | Not for loan | Collection | Home library | Current library | Shelving location | Date acquired | Total Checkouts | Full call number | Barcode | Date last seen | Copy number | Price effective from | Koha item type |
|---|---|---|---|---|---|---|---|---|---|---|---|---|---|---|---|---|
| Dewey Decimal Classification | Non-Fiction | Footprints International School Library Network Toul Tom Poung Campus | Footprints International School Library Network Toul Tom Poung Campus | TTP Secondary Non-Fiction Bookshelves | 05/17/2024 | KRA GV200.K73 796.522 | 2024-0638 | 05/17/2024 | 1 | 05/17/2024 | Books |
